| 000 | 00969cam a2200229 4500 | ||
|---|---|---|---|
| 001 | ABS64326 | ||
| 008 | 010910n2001 000 0 eng u | ||
| 035 | _a(Sirsi) u114489 | ||
| 245 | _aBuilding regulations Part K: protection from falling | ||
| 260 | _ac2001 | ||
| 490 |
_aBuilding Engineer _v76(7) September 2001, 14-21(8) |
||
| 520 | _aArticles dealing with Part K of the Building Regulations including general considerations of roof safety, stair barriers and the risks involved with children under 5 years and a specific example of a fall arrest system from Latchways | ||
| 590 | _aABS | ||
| 650 | _aBUILDING REGULATIONS PART K | ||
| 650 | _aBUILT ENVIRONMENT-BUILDING ELEMENTS-COMPLETE BUILDING ELEMENTS-ROOFS | ||
| 650 | _aSAFETY REGULATIONS | ||
| 650 | _aSAFETY MANAGEMENT | ||
| 650 | _aBUILT ENVIRONMENT-BUILDING ELEMENTS-COMPLETE BUILDING ELEMENTS-STAIRS | ||
| 650 | _aBARRIERS | ||
| 690 | _aBUILT ENVIRONMENT-BUILDING STANDARDS | ||
| 942 | _n0 | ||
| 999 |
_c68206 _d68206 |
||